| 000 | 00749cab a2200217 4500 | ||
|---|---|---|---|
| 001 | WB2717-15 | ||
| 008 | 090401t1991 xxu||||| |||| 00| 0 eng d | ||
| 035 | _a(Sirsi) u64815 | ||
| 041 | _aeng | ||
| 245 | _aNew development in Cardiff | ||
| 260 | _c1991 | ||
| 350 | _a0 | ||
| 490 |
_aFinancial Times _v27/4/91 p4 |
||
| 490 |
_aWestern Mail _v1/5/91 p7(2) |
||
| 520 | _a£200m has been allocated by Tarmac Atlantic Wharf Developments under the urban development corporation for a major redevelopment in Cardiff Bay regardless of the outcome the troubled barrage plans. | ||
| 650 | _aCARDIFF BAY BARRAGE | ||
| 650 | _aPRIVATE BILL | ||
| 690 | _aPROPERTY-RESIDENTIAL PROPERTY-RESIDENTIAL PROPERTY MARKET | ||
| 942 | _n0 | ||
| 948 | _c04/03/1997 | ||
| 999 |
_c40380 _d40380 |
||